000 00555nam a2200157Ia 4500
008 100122s9999 xx 000 0 und d
082 _b20923
_a823.08
100 _aवर्टी अ वा
245 _aपरिपाक कथा भाग - 2 (बॉक्स-3)
250 _a0
260 _bपंडित अनंत कुलकर्णी
_c1974
300 _a222
630 _aपरिपाक कथा भाग - 2 (बॉक्स-3)
730 _aपरिपाक कथा भाग - 2 (बॉक्स-3)
942 _cBOOK
999 _c409222
_d409219